Irrigation and agriculture in the first five year plan: an appraisal (Record no. 436752)

000 -LEADER
fixed length control field 00438cam a22001337a 4500
008 - FIXED-LENGTH DATA ELEMENTS--GENERAL INFORMATION
fixed length control field 180718b1954 xxu||||| |||| 00| 0 eng d
082 ## - DEWEY DECIMAL CLASSIFICATION NUMBER
Classification number Y1182x54 J78
100 ## - MAIN ENTRY--PERSONAL NAME
Personal name Joshi, Rao Bahadur N.S.
245 ## - TITLE STATEMENT
Title Irrigation and agriculture in the first five year plan: an appraisal
Statement of responsibility, etc. by Rao Bahadur N.S. Joshi
260 ## - PUBLICATION, DISTRIBUTION, ETC.
Place of publication, distribution, etc. Poona
Name of publisher, distributor, etc. Deccan Book Stall
Date of publication, distribution, etc. 1954
300 ## - PHYSICAL DESCRIPTION
Extent 2v.
650 ## - SUBJECT ADDED ENTRY--TOPICAL TERM
Topical term or geographic name entry element Agriculture and state --India
650 ## - SUBJECT ADDED ENTRY--TOPICAL TERM
Topical term or geographic name entry element Irrigation --India
Holdings
Withdrawn status Lost status Damaged status Not for loan Permanent Location Current Location Date acquired Full call number Barcode Date last seen Price effective from Koha item type
        Indian Institute of Public Administration Indian Institute of Public Administration 2010-03-10 Y1182x54 J78 709 2018-07-21 2018-07-21 Book

Powered by Koha